MARC

LEADER 00000nam0a2200000 4500
001 282295
005 20231101235502.0
035 |a (RuTPU)RU\TPU\book\306176 
090 |a 282295 
100 |a 20150129d1984 k y0rusy5003 ca 
101 0 |a rus 
102 |a RU 
105 |a y z 001zy 
200 1 |a Проблемы математического анализа  |e межвузовский сборник  |f Ленинградский государственный университет (ЛГУ) 
210 |a Ленинград  |c Изд-во Ленинградского ун-та  |d 1984 
215 |d 20 см  |a 202 с. 
225 1 |a Проблемы математического анализа  |v Вып. 9 
320 |a Библиография в конце статей 
606 |a Дифференциальные уравнения с частными производными, линейные  |2 stltpush  |3 (RuTPU)RU\TPU\subj\9728  |9 36907 
610 1 |a псевдодифференциальные операторы 
610 1 |a вариационные неравенства 
610 1 |a спектральная асимптотика 
610 1 |a математический анализ 
610 1 |a сингулярные числа 
610 1 |a эллиптические уравнения 
610 1 |a операторные уравнения 
610 1 |a задачи Коши 
610 1 |a краевые задачи 
610 1 |a нелинейные уравнения 
610 1 |a интегральные функционалы 
675 |a 517.956  |z rus  |v 4 
712 0 2 |a Ленинградский государственный университет (ЛГУ)  |c (1924-1991)  |2 stltpush  |3 (RuTPU)RU\TPU\col\77 
801 0 |a RU  |b RuMRKP  |c 19960614  |g psbo 
801 1 |a RU  |b 63413507  |c 20150129 
801 2 |a RU  |b 63413507  |c 20170502  |g RCR 
942 |c BK